Normale Ansicht MARC-Ansicht ISBD

Anglo-Swedish Commercial Connections and Diplomatic Relations in the Seventeenth Century (Titelsatznr. 73956)

[ MARC ]
MARC-Details
000 -Satzkennung
Kontrollfeld mit fester Länge 01016nam a22003253u 4500
001 - Kontrollnummer
Kontrollfeld drd-57444059
003 - Kontrollnummer Identifier
Kontrollfeld Dreier
005 - Datum und Zeit der letzten Transaktion
Kontrollfeld 20260319135032.0
007 - Feld mit fester Länge zur physischen Beschreibung - Allgemeine Information
Kontrollfeld mit fester Länge cr||||||||||||
008 - Feld mit fester Länge zur physischen Beschreibung - Allgemeine Angaben
Kontrollfeld mit fester Länge 260319b |||||||| |||| 00| 0 ger d
020 ## - Internationale Standardbuchnummer
Internationale Standardbuchnummer 9789004549777
Verknüpfung 978-90-04-54977-7
040 ## - Katalogisierungsquelle
Übertragungsstelle RU-10907106
041 ## - Sprachcode
Sprachcode des Textes/der Tonspur oder des separaten Titels eng
100 1# - Haupteintragung - Personenname
Personenname Grimshaw, Adam
Funktionsbezeichnungscode aut
Funktionsbezeichnung Author
Koha-Normdatenidentnummer 68877
245 10 - Titel
Titel Anglo-Swedish Commercial Connections and Diplomatic Relations in the Seventeenth Century
Verfasserangabe etc. Adam Grimshaw
264 ## - Produktion, Veröffentlichung, Distribution, Herstellung und Urheberrechtsvermerk
Herstellungs-, Veröffentlichungs- Vertriebs-, Erzeugungsort Leiden
Produzent, Herausgeber, Distributor, Hersteller Brill
Datum der Herstellung, der Veröffentlichung, des Vertriebs oder des Urheberschutzvermerks 2023
300 ## - Physische Beschreibung
Umfang 322 Seiten
336 ## - Inhaltstyp
Inhaltstypterm Text
Inhaltstypcode txt
Quelle rdacontent
337 ## - Medientyp
Bezeichnung des Medientyps Computermedien
Medientypcode c
Quelle rdamedia
338 ## - Datenträgertyp
Datenträgertypbezeichnung Online-Ressource
Datenträgertypcode cr
Quelle rdacarrier
490 0# - Gesamttitelangabe
Gesamttitelangabe The Northern World
Bandnummer/Folgebezeichnung 96
500 ## - Allgemeine Fußnote
Allgemeine Fußnote E-Book / Zugriff nur im Lesesaal
648 ## - Nebeneintragung unter einem Schlagwort - Zeitschlagwort
Zeitschlagwort 1600-1700
Koha-Normdatenidentnummer 13586
650 ## - Nebeneintragung unter einem Schlagwort - Sachschlagwort
Sachschlagwort oder geografischer Name als Eintragungselement Diplomatische Beziehungen
650 ## - Nebeneintragung unter einem Schlagwort - Sachschlagwort
Sachschlagwort oder geografischer Name als Eintragungselement Wirtschaft
651 ## - Nebeneintragung unter einem Schlagwort - Geografischer Name
Geografischer Name England
651 ## - Nebeneintragung unter einem Schlagwort - Geografischer Name
Geografischer Name Schweden
856 ## - Elektronische Adresse und Zugriff
OPAC-Notiz Volltext
URL <a href="https://doi.org/10.1163/9789004549777">https://doi.org/10.1163/9789004549777</a>
942 ## - Zusätzliche Felder (Koha)
Koha-Medientyp E-Books
Klassifikation oder Aufstellungssystematik Andere/Generische Klassifikation
Exemplare
Ausgeschieden Verloren Klassifikation oder Aufstellungssystematik Beschädigt Nicht entleihbar Heimatbibliothek Aufenthaltsbibliothek Aufstellungsort Erwerbungsdatum Inventarnummer Signatur Barcode Letzte Aktivität Preis gültig von Koha-Medientyp
    Andere/Generische Klassifikation     MWN Osteuropa MWN Osteuropa Online-Ressource 19/03/2026 26-e00235 E-26-e00235 76890 19/03/2026 19/03/2026 E-Books